000 00610nam a2200193Ia 4500
005 20250508165209.0
008 008 250505s9999 xx 000 0 eng d
037 _aDissertations
040 _aFEDL
_beng
_cFEDL
041 _aeng
_2eng
084 _a910.7, BHA/DI
_qFEDL
100 _aBharaty Samaresh
_9780139
245 0 _aEvaluation of the nature and factors affecting the teaching of practical geography at senior secondary level
260 _c2012
300 _a97p.
546 _aM.Ed. Dissertation, (Delhi University)
942 _cDIS
_h910.7, BHA/DI
999 _c1393726
_d1393726